000 00400nam a22001457a 4500
003 SGT
082 _a615.53
_bG12S
100 _aSHARMA, SHREE RAM
245 _aGAYETRI KI DANIK EVAM VISHIST ANUSTHAN PARAK SADHANAYE
260 _aMATHURA
_bAKHAND JYOTI SANSTHAN
_c2012
300 _a11.4
650 _aAYURVEDA
653 _aGAYETRI , DANIK, VISHIST, ANUSTHAN, PARAK, SADHANAYE
942 _2ddc
_cBK
999 _c32288
_d32288